|
|
|
|
| LEADER |
00790nam a2200193 a 4500 |
| 001 |
000648424 |
| 003 |
CZ BrMZK |
| 005 |
20030624084054.0 |
| 008 |
030124s1946 xr f cze d |
| 040 |
|
|
|a BOA001
|b cze
|c BOA001
|
| 100 |
1 |
|
|a Soukup, Josef,
|d 1904-1980
|7 jk01120552
|4 aut
|
| 245 |
1 |
0 |
|a Příspěvek k poznání tvaru třetihorní čedičové "spojilské žíly" ve svrchním turonu u Pardubic -- /
|c Josef Soukup
|
| 260 |
|
|
|a Praha :
|b [s.n.],
|c 1946
|f (Státní tiskárna)
|
| 300 |
|
|
|a 303-326 s., iii tab.
|
| 500 |
|
|
|a Název a resumé rusky a francouzsky
|
| 500 |
|
|
|a Separát z: Sborník Státního geologického ústavu ČSR, Sv. 13, 1946
|
| 910 |
|
|
|a BOA001
|b X-0247.243
|
| 990 |
|
|
|a BK
|
| 996 |
6 |
|
|b 2618735132
|c X-0247.243
|l MZK
|r Sklad / do 24 hodin
|n 0
|w 000648424
|u 000010
|a 1
|e BOA001
|j MZK50
|s P
|